000 01746nam a2200505 i 4500
001 26142
003 KOSZ 005
005 20201215131750.0
008 201215s1970 pl a f 000 0 pol
015 _aUWD 1970/5488
035 _a991035220809705066
035 _a(PL-WaBN)b19471270-48omnis_nlop
035 _ab19471270
035 _a(OCoLC)177082054
035 _a(PUBLU)vtls000261504
035 _awbpkbg061843
035 _a(PL)b0000001947127
035 _a(EXLNZ-48OMNIS_NETWORK)9910442861105606
040 _aWA N
_cWA N
_dKOSZ 005/RW
046 _k1970
080 _a657
080 _a66/69
080 _a(07)
100 1 _aSkrzywan, Stanisław
_d(1902-1971)
_eAutor
245 1 0 _aRachunkowość przedsiębiorstwa przemysłowego /
_cStanisław Skrzywan, Zdzisław Fedak.
260 _aWarszawa :
_bPaństwowe Wydawnictwo Ekonomiczne,
_c1970.
300 _a267, [1] stron :
_btabele ;
_c25 cm.
336 _aTekst
_btxt
_2rdacontent
337 _aBez urządzenia pośredniczącego
_bn
_2rdamedia
338 _aWolumin
_bnc
_2rdacarrier
380 _aKsiążki
380 _aPublikacje dydaktyczne
385 _mPoziom nauczania
_aSzkoły wyższe
388 1 _a1901-2000
388 1 _a1945-1989
521 8 _aKsiążka przeznaczona jest dla studentów wyższych szkół ekonomicznych.
650 7 _aRachunkowość przemysłowa
_2DBN
655 7 _aPodręcznik
_2DBN
658 _aGospodarka, ekonomia, finanse
700 1 _aFedak, Zdzisław
_d(1923- )
_eAutor
710 2 _aPaństwowe Wydawnictwo Ekonomiczne
_4pbl
856 _uhttp://koha.tu.koszalin.pl/cgi-bin/koha/opac-detail.pl?biblionumber=26142
_yKatalog online BPK
942 _2UKD
_cKS
999 _c26142
_d26142